000 00594nam a2200253Ia 4500
005 20251020182511.0
008 200515s9999 xx 000 0 und d
020 _a978-84-283-2936-1
082 _a651.52/J47
100 _aJeffus, Larry
245 0 _aManual de soldadura GTAW (TIG)
250 _a1a ed.
260 _aMadrid
260 _bPARANINFO ; CENGAGE Learning
260 _c2008
300 _a210 p.
300 _bil., tbl., graf., fot.
500 _a1 ejemplar
650 _aGTAW(TIG)
650 _aMANUALES
650 _aSOLDADURAS
942 _cLIB
999 _c1443
_d1443